<?xml version="1.0" encoding="UTF-8"?>
<record
    xmlns:xsi="http://www.w3.org/2001/XMLSchema-instance"
    xsi:schemaLocation="http://www.loc.gov/MARC21/slim http://www.loc.gov/standards/marcxml/schema/MARC21slim.xsd"
    xmlns="http://www.loc.gov/MARC21/slim">

  <leader>01044nam a22002177a 4500</leader>
  <datafield tag="999" ind1=" " ind2=" ">
    <subfield code="c">71341</subfield>
    <subfield code="d">71341</subfield>
  </datafield>
  <controlfield tag="005">20200203145155.0</controlfield>
  <datafield tag="010" ind1=" " ind2=" ">
    <subfield code="a">UR-7877,B-429050-054</subfield>
  </datafield>
  <datafield tag="020" ind1=" " ind2=" ">
    <subfield code="c">250.00</subfield>
    <subfield code="a">8182232856</subfield>
  </datafield>
  <datafield tag="020" ind1=" " ind2=" ">
    <subfield code="c">250.00</subfield>
    <subfield code="a">9788182237490</subfield>
  </datafield>
  <datafield tag="035" ind1=" " ind2=" ">
    <subfield code="a">U-6432,B-429050-054</subfield>
  </datafield>
  <datafield tag="037" ind1=" " ind2=" ">
    <subfield code="b">BPPD/ Educational Publishining House</subfield>
  </datafield>
  <datafield tag="082" ind1=" " ind2=" ">
    <subfield code="a">840.08</subfield>
  </datafield>
  <datafield tag="100" ind1=" " ind2=" ">
    <subfield code="a">&#x627;&#x645;&#x6CC;&#x646; &#x627;&#x62D;&#x633;&#x646;</subfield>
  </datafield>
  <datafield tag="245" ind1=" " ind2=" ">
    <subfield code="a">&#x67E;&#x631; &#x6CC;&#x645; &#x686;&#x646;&#x62F; &#x6A9;&#x6D2; &#x633;&#x645;&#x627; &#x62C;&#x6CC; &#x646;&#x638;&#x631; &#x6CC;&#x627; &#x62A; :</subfield>
    <subfield code="b">&#x646;&#x627; &#x648; &#x644;&#x648; &#x6BA; &#x6A9;&#x6CC; &#x631; &#x648; &#x634;&#x646;&#x6CC; &#x645;&#x6CC;&#x6BA; /</subfield>
    <subfield code="c">&#x627;&#x645;&#x6CC;&#x646; &#x627;&#x62D;&#x633;&#x646;</subfield>
  </datafield>
  <datafield tag="246" ind1=" " ind2=" ">
    <subfield code="a">Prem Chand Ke Samaji Nazariyat:Novelon Ki Roshani Mein /</subfield>
    <subfield code="b">by Ameen Ahsan</subfield>
  </datafield>
  <datafield tag="260" ind1=" " ind2=" ">
    <subfield code="a">&#x62F; &#x6C1;&#x644;&#x6CC;</subfield>
    <subfield code="b">&#x627;&#x6CC;&#x62C;&#x648;&#x6A9;&#x6CC;&#x634;&#x646;&#x644; &#x67E;&#x628;&#x644;&#x634;&#x646;&#x6AF; &#x6C1;&#x627;&#x624;&#x633;</subfield>
    <subfield code="c">2010 &#x621;</subfield>
  </datafield>
  <datafield tag="270" ind1=" " ind2=" ">
    <subfield code="a">3108, Vakil Street, Kucha Pandit, Lal Kuan</subfield>
    <subfield code="b">Delhi</subfield>
    <subfield code="e">110006</subfield>
    <subfield code="k">011-23216162,23214465</subfield>
    <subfield code="l">0091-11-23211540</subfield>
    <subfield code="m">www.ephbooks.com</subfield>
  </datafield>
  <datafield tag="300" ind1=" " ind2=" ">
    <subfield code="a">268&#x635;</subfield>
    <subfield code="c">22cm(Hb)</subfield>
  </datafield>
  <datafield tag="942" ind1=" " ind2=" ">
    <subfield code="2">ddc</subfield>
    <subfield code="c">UR</subfield>
    <subfield code="m">&#x627; &#x645; &#x6CC;</subfield>
    <subfield code="h">840.08</subfield>
  </datafield>
  <datafield tag="952" ind1=" " ind2=" ">
    <subfield code="0">0</subfield>
    <subfield code="1">0</subfield>
    <subfield code="2">ddc</subfield>
    <subfield code="4">0</subfield>
    <subfield code="7">0</subfield>
    <subfield code="8">NFIC</subfield>
    <subfield code="a">L</subfield>
    <subfield code="b">L</subfield>
    <subfield code="d">2012-11-08</subfield>
    <subfield code="e">KKPub./B.No.141-142/26.03.2011/BPPD/EOI/2010-11/7/86/204/30.03.11</subfield>
    <subfield code="g">250.00</subfield>
    <subfield code="l">0</subfield>
    <subfield code="o">840.08 &#x627; &#x645; &#x6CC;</subfield>
    <subfield code="p">B-429050</subfield>
    <subfield code="r">2012-11-08 00:00:00</subfield>
    <subfield code="t">1</subfield>
    <subfield code="v">250.00</subfield>
    <subfield code="w">2012-11-08</subfield>
    <subfield code="y">UR</subfield>
  </datafield>
  <datafield tag="952" ind1=" " ind2=" ">
    <subfield code="0">0</subfield>
    <subfield code="1">0</subfield>
    <subfield code="4">0</subfield>
    <subfield code="7">0</subfield>
    <subfield code="8">NFIC</subfield>
    <subfield code="a">L</subfield>
    <subfield code="b">L</subfield>
    <subfield code="d">2012-11-08</subfield>
    <subfield code="e">KKPub./B.No.141-142/26.03.2011/BPPD/EOI/2010-11/7/86/204/30.03.11</subfield>
    <subfield code="g">250.00</subfield>
    <subfield code="l">1</subfield>
    <subfield code="o">840.08 &#x627; &#x645; &#x6CC;</subfield>
    <subfield code="p">B-429051</subfield>
    <subfield code="r">2019-05-06 00:00:00</subfield>
    <subfield code="s">2019-04-25</subfield>
    <subfield code="t">1</subfield>
    <subfield code="y">UR</subfield>
  </datafield>
  <datafield tag="952" ind1=" " ind2=" ">
    <subfield code="0">0</subfield>
    <subfield code="1">0</subfield>
    <subfield code="2">ddc</subfield>
    <subfield code="4">0</subfield>
    <subfield code="7">0</subfield>
    <subfield code="8">NFIC</subfield>
    <subfield code="a">BL1</subfield>
    <subfield code="b">BL1</subfield>
    <subfield code="d">2012-11-08</subfield>
    <subfield code="e">KKPub./B.No.141-142/26.03.2011/BPPD/EOI/2010-11/7/86/204/30.03.11</subfield>
    <subfield code="g">250.00</subfield>
    <subfield code="l">0</subfield>
    <subfield code="o">840.08 &#x627; &#x645; &#x6CC;</subfield>
    <subfield code="p">B-429052</subfield>
    <subfield code="r">2012-11-08 00:00:00</subfield>
    <subfield code="t">1</subfield>
    <subfield code="v">250.00</subfield>
    <subfield code="y">UR</subfield>
  </datafield>
  <datafield tag="952" ind1=" " ind2=" ">
    <subfield code="0">0</subfield>
    <subfield code="1">0</subfield>
    <subfield code="2">ddc</subfield>
    <subfield code="4">0</subfield>
    <subfield code="7">0</subfield>
    <subfield code="8">NFIC</subfield>
    <subfield code="a">BL3</subfield>
    <subfield code="b">BL3</subfield>
    <subfield code="d">2012-11-08</subfield>
    <subfield code="e">KKPub./B.No.141-142/26.03.2011/BPPD/EOI/2010-11/7/86/204/30.03.11</subfield>
    <subfield code="g">250.00</subfield>
    <subfield code="l">0</subfield>
    <subfield code="o">840.08 &#x627; &#x645; &#x6CC;</subfield>
    <subfield code="p">B-429053</subfield>
    <subfield code="r">2012-11-08 00:00:00</subfield>
    <subfield code="t">1</subfield>
    <subfield code="v">250.00</subfield>
    <subfield code="w">2012-11-08</subfield>
    <subfield code="y">UR</subfield>
  </datafield>
  <datafield tag="952" ind1=" " ind2=" ">
    <subfield code="0">0</subfield>
    <subfield code="1">0</subfield>
    <subfield code="2">ddc</subfield>
    <subfield code="4">0</subfield>
    <subfield code="7">0</subfield>
    <subfield code="8">NFIC</subfield>
    <subfield code="a">BL4</subfield>
    <subfield code="b">BL4</subfield>
    <subfield code="d">2012-11-08</subfield>
    <subfield code="g">250.00</subfield>
    <subfield code="l">0</subfield>
    <subfield code="o">840.08 &#x627; &#x645; &#x6CC;</subfield>
    <subfield code="p">B-429054</subfield>
    <subfield code="r">2012-11-08 00:00:00</subfield>
    <subfield code="t">1</subfield>
    <subfield code="v">250.00</subfield>
    <subfield code="w">2012-11-08</subfield>
    <subfield code="y">UR</subfield>
  </datafield>
</record>
